• 首页
  • 本馆介绍
  • 公告通知
  • 最新文献
  • 馆藏检索
  • 电子资源
  • 读者导购
  • 参考咨询
  • 我的图书馆
  • 登录
  • 详细信息显示
  • 放入我的书架
  • 预约/预借图书
  • 作者相关作品
  • 分类相关作品
  • 丛书相关作品
  • 出版社相关作品

书目信息

  • 表格格式
  • 工作单格式
  • 卡片格式
题名:
广告舆论及其社会功能
    
 
作者: 晋艺菡 著
分册:  
出版信息: 北京   社会科学文献出版社  2020
页数: 192页
开本: 23cm
丛书名:
单 册:
中图分类: F713.8
科图分类:
主题词: 广告--guang gao--舆论--研究
电子资源:
ISBN: 978-7-5201-6045-2
000 01074nam0 2200253 450
001 2159261353
005 20210926145340.0
010    @a978-7-5201-6045-2@dCNY89.00
100    @a20200923d2020 kemy0chiy0120 ea
101 0  @achi
102    @aCN@b110000
105    @ay v 000yy
106    @ar
200 1  @a广告舆论及其社会功能@Aguang gao yu lun ji qi she hui gong neng@dThe research on social functions of advertising public opinion@f晋艺菡著@zeng
210    @a北京@c社会科学文献出版社@d2020
215    @a192页@d23cm
300    @a湖北大学新闻传播学省级重点学科及新闻传播学学位点建设经费资助
330    @a本书共分七部分,内容包括:广告舆论及其社会功能的本质内涵、基于功能主义的广告舆论社会功能分析范式、广告舆论系统的要素提炼、功能发挥条件分析:广告舆论系统必要的内在属性、广告舆论的社会功能及其作用机制等。
510 1  @aThe research on social functions of advertising public opinion@zeng
606 0  @a广告@Aguang gao@x舆论@x研究
690    @aF713.8@v5
701  0 @a晋艺菡@Ajin yi han@4著
801  0 @aCN@b百万庄@c20210926
905    @b1299508-511@dF713.8@e1159@f4
    
    广告舆论及其社会功能=The research on social functions of advertising public opinion/晋艺菡著.-北京:社会科学文献出版社,2020
    192页;23cm
    湖北大学新闻传播学省级重点学科及新闻传播学学位点建设经费资助
    
    ISBN 978-7-5201-6045-2:CNY89.00
    本书共分七部分,内容包括:广告舆论及其社会功能的本质内涵、基于功能主义的广告舆论社会功能分析范式、广告舆论系统的要素提炼、功能发挥条件分析:广告舆论系统必要的内在属性、广告舆论的社会功能及其作用机制等。
●
相关链接 在E读中查询图书 在五车中查询图书 在当当中查询图书 在豆瓣中查询图书


正题名:广告舆论及其社会功能     索取号:F713.8/1159         预约/预借

序号 登录号 条形码 馆藏地/架位号 状态 备注
1 1299508   212995080   第一样本阅览室/ [索取号:F713.8/1159] 在馆    
2 1299509   212995099   第一借阅区/ [索取号:F713.8/1159] 在馆    
3 1299510   212995106   第一借阅区/ [索取号:F713.8/1159] 在馆    
4 1299511   212995115   第一借阅区/ [索取号:F713.8/1159] 在馆    
唐山师范学院图书馆 欢迎您!
大连网信软件有限公司© 版权所有